000 01225cam a2200325 i 4500
001 63168
005 20180714065501.0
008 140415s1998 mx r 000 0 spa d
020 _a9682321093 (obra completa)
020 _a9682321107 (t. 1)
020 _a9682321115 (t. 2)
040 _aMX-PuUPA
_bspa
_erda
_cMx-PuUPA
_dMx-PuUPA
041 _aspa
082 0 _a463
_bLEN
111 2 0 _aCongreso Internacional de la Lengua Española.
245 1 3 _aLa lengua española y los medios de comunicación /
_ccuidado editorial Luis Cortés Bargalló, Carlos García-Tort, Carlos Mapes.
250 _aPrimera edición
264 1 _aMéxico, España :
_bSiglo xxi Editores,
_c1998
_bSecretaria de Educación Pública,
_bInstituto Cervantes
300 _a2 volúmenes (paginación varía) ;
_c23 cm.
336 _atexto
_2rdacontent
337 _asin mediación
_2rdamedia
338 _avolumen
_2rdacarrier
490 0 _aLingüistica y teoría literaria
650 4 _aComunicación
_xCongresos
650 4 _aEspañol
_xCongresos
650 4 _aLenguaje y lenguas
_xCongresos
700 1 _aCortés Bargalló, Luis,
_eeditor
700 1 _aGarcía-Tort, Carlos,
_eeditor
700 1 _aMapes, Carlos,
_eeditor
999 _c63168
_d63168